00479nam a2200169 a 45000010005000000030009000050080041000140400028000550820018000831000061001012450032001622600049001946500013002436500016002566500024002726500013002969199CO-ViMGA141112s2004 ck r 000 u spa d aCO-ViMGAbspacCO-ViMGA04aMEVIGAPOR U721 aUreña lópez ; Luis Alfonso, Sanchez Solano miguel., 10aFundamentos de informatica. aSantafé de Bogotá : bAlfaomega, c1999.14aHARDWARE14aINFORMATICA14aSISTEMAS OPERATIVOS14aSOFTWARE